[Event "SVK-ch Blitz"]
[Site "Nitra"]
[Date "2022.10.29"]
[Round "12"]
[White "Krajnak, Robert1111"]
[Black "Nagy, Tomas"]
[Result "1/2-1/2"]
[WhiteElo "1847"]
[BlackElo "2260"]
[PlyCount "83"]
[EventDate "2022.10.29"]
[EventType "swiss"]
[EventRounds "13"]
[EventCountry "SVK"]
[SourceTitle "EXT 2024"]
[Source "ChessBase"]
[SourceDate "2023.10.10"]
[SourceVersion "1"]
[SourceVersionDate "2023.10.10"]
[SourceQuality "1"]

1. c4 Nf6 2. Nc3 c5 3. Nf3 g6 4. d4 Bg7 5. e4 cxd4 6. Nxd4 Nc6 7. Be3 0-0 8. Be2 d6 9. 0-0 Bd7 10. Rc1 Nxd4 11. Bxd4 Bc6 12. f3 a5 13. Kh1 Nd7 14. Bg1 Nc5 15. Nd5 Bxd5 16. cxd5 Bxb2 17. Rb1 Bg7 18. Bxc5 dxc5 19. Rxb7 Bd4 20. Qb1 Rb8 21. Qb5 Rxb7 22. Qxb7 Qd6 23. Rb1 e6 24. Bc4 exd5 25. Bxd5 Qf4 26. Qb3 Be5 27. g3 Qf6 28. Kg2 Bd4 29. Qb6 Qg5 30. Qxa5 Qe3 31. Qe1 Qd3 32. Rb3 Qc2+ 33. Kh1 Qxa2 34. Rb8 Qa3 35. Rxf8+ Kxf8 36. Qf1 Qe3 37. Kg2 Kg7 38. Kh3 Qh6+ 39. Kg2 Qe3 40. Kh3 Qh6+ 41. Kg2 Qe3 42. Qd1 1/2-1/2

[Event "SVK-ch Blitz"]
[Site "Nitra"]
[Date "2022.10.29"]
[Round "3"]
[White "Nagy, Tomas"]
[Black "Lecky, Juraj"]
[Result "0-1"]
[WhiteElo "2260"]
[BlackElo "2005"]
[PlyCount "66"]
[EventDate "2022.10.29"]
[EventType "swiss"]
[EventRounds "13"]
[EventCountry "SVK"]
[SourceTitle "EXT 2024"]
[Source "ChessBase"]
[SourceDate "2023.10.10"]
[SourceVersion "1"]
[SourceVersionDate "2023.10.10"]
[SourceQuality "1"]

1. Nf3 c5 2. c4 Nc6 3. Nc3 g6 4. d4 cxd4 5. Nxd4 Bg7 6. Nb3 Bxc3+ 7. bxc3 Nf6 8. Bh6 Ng4 9. Bg5 0-0 10. e3 d6 11. Be2 Nf6 12. Rc1 Re8 13. h4 h5 14. Bxf6 exf6 15. g4 hxg4 16. Bxg4 f5 17. Be2 Qf6 18. h5 g5 19. h6 Kh7 20. Nd4 Ne5 21. Qc2 Ng6 22. Bd3 f4 23. Kd2 fxe3+ 24. fxe3 Qf2+ 25. Kd1 Bg4+ 26. Be2 Bxe2+ 27. Nxe2 Rxe3 28. Re1 d5 29. cxd5 Qf3 30. c4 Rd3+ 31. Qd2 Rxd2+ 32. Kxd2 Ne5 33. Nd4 Qd3# 0-1

[Event "SVK-ch Blitz"]
[Site "Nitra"]
[Date "2022.10.29"]
[Round "13"]
[White "Nagy, Tomas"]
[Black "Vrba, Michal"]
[Result "1/2-1/2"]
[WhiteElo "2260"]
[BlackElo "1927"]
[PlyCount "51"]
[EventDate "2022.10.29"]
[EventType "swiss"]
[EventRounds "13"]
[EventCountry "SVK"]
[SourceTitle "EXT 2024"]
[Source "ChessBase"]
[SourceDate "2023.10.10"]
[SourceVersion "1"]
[SourceVersionDate "2023.10.10"]
[SourceQuality "1"]

1. Nf3 Nf6 2. b3 g6 3. Bb2 Bg7 4. c4 c5 5. g3 Nc6 6. Bg2 0-0 7. 0-0 d5 8. cxd5 Nxd5 9. Bxg7 Kxg7 10. Qc2 b6 11. Nc3 Bb7 12. Rad1 Nf6 13. d3 Rb8 14. e3 Qc7 15. Qb2 a6 16. d4 cxd4 17. Nxd4 Nxd4 18. Rxd4 Bxg2 19. Kxg2 Kg8 20. Kg1 Rbc8 21. Nd5 Nxd5 22. Rxd5 Rfd8 23. Rfd1 Rxd5 24. Rxd5 Rd8 25. Rd2 Rxd2 26. Qxd2 1/2-1/2

[Event "SVK-chT2B 2122"]
[Site "Slovakia"]
[Date "2021.11.14"]
[Round "4.1"]
[White "Nagy, Tomas"]
[Black "Berek, Geza"]
[Result "1-0"]
[WhiteElo "2242"]
[BlackElo "2185"]
[PlyCount "67"]
[EventDate "2021.10.16"]
[EventType "team-tourn"]
[EventRounds "11"]
[EventCountry "SVK"]
[SourceTitle "EXT 2023"]
[Source "ChessBase"]
[SourceDate "2022.10.05"]
[SourceVersion "1"]
[SourceVersionDate "2022.10.05"]
[SourceQuality "1"]
[WhiteTeam "Sala Slovan Duslo"]
[BlackTeam "Levice II"]
[WhiteTeamCountry "SVK"]
[BlackTeamCountry "SVK"]

1. d4 g6 2. e4 Bg7 3. Nc3 d6 4. Be3 a6 5. a4 Nf6 6. h3 0-0 7. Nf3 b6 8. Be2 Bb7 9. d5 c6 10. 0-0 Nbd7 11. Re1 cxd5 12. exd5 Rc8 13. Ra3 Rxc3 14. bxc3 Nxd5 15. Bd2 Nc5 16. Bf1 Qd7 17. a5 bxa5 18. c4 Nb4 19. Rxa5 Nc6 20. Ra3 Re8 21. g3 e5 22. Bg2 Qe6 23. Ng5 Qd7 24. Be3 Ne6 25. Nxe6 fxe6 26. h4 Nd4 27. Bxb7 Qxb7 28. Bxd4 exd4 29. h5 g5 30. h6 Bxh6 31. Qh5 Qe7 32. Qxh6 e5 33. Rxa6 e4 34. Qxd6 1-0

[Event "SVK-chT2B 1920"]
[Site "Slovakia"]
[Date "2019.10.27"]
[Round "2.1"]
[White "Nagy, Tomas"]
[Black "Srvatka, Igor"]
[Result "1/2-1/2"]
[WhiteElo "2271"]
[BlackElo "2150"]
[PlyCount "33"]
[EventDate "2019.10.26"]
[EventType "team-tourn"]
[EventRounds "11"]
[EventCountry "SVK"]
[SourceTitle "CBM 193 Extra"]
[Source "ChessBase"]
[SourceDate "2020.01.31"]
[SourceVersion "1"]
[SourceVersionDate "2020.01.31"]
[SourceQuality "1"]
[WhiteTeam "Sala Slovan Duslo"]
[BlackTeam "Trencin"]
[WhiteTeamCountry "SVK"]
[BlackTeamCountry "SVK"]

1. d4 Nf6 2. Nf3 e6 3. g3 b6 4. Bg2 Bb7 5. 0-0 Be7 6. c4 0-0 7. d5 exd5 8. Nh4 c6 9. cxd5 Nxd5 10. Nf5 Nc7 11. e4 d5 12. Nc3 Bf6 13. Bf4 Nd7 14. Bxc7 Qxc7 15. exd5 cxd5 16. Nxd5 Bxd5 17. Qxd5 1/2-1/2

[Event "SVK-chT1W 1819"]
[Site "Slovakia"]
[Date "2019.02.23"]
[Round "8.3"]
[White "Nagy, Tomas"]
[Black "Janko, Michal"]
[Result "1/2-1/2"]
[WhiteElo "2267"]
[BlackElo "2280"]
[PlyCount "27"]
[EventDate "2018.10.27"]
[EventType "team-tourn"]
[EventRounds "11"]
[EventCountry "SVK"]
[SourceTitle "CBM 189 Extra"]
[Source "ChessBase"]
[SourceDate "2019.06.03"]
[SourceVersion "1"]
[SourceVersionDate "2019.06.03"]
[SourceQuality "1"]
[WhiteTeam "Sala Slovan Duslo"]
[BlackTeam "Bratislava Lokomotiva"]
[WhiteTeamCountry "SVK"]
[BlackTeamCountry "SVK"]

1. Nf3 f5 2. d4 Nf6 3. g3 g6 4. Bg2 Bg7 5. 0-0 0-0 6. c3 d6 7. Qb3+ Kh8 8. Ng5 d5 9. h4 c6 10. Bf4 h6 11. Nf3 Nbd7 12. Nbd2 Ng4 13. c4 e6 14. e3 1/2-1/2

[Event "SVK-chT1W 1718"]
[Site "Slovakia"]
[Date "2017.11.05"]
[Round "4.2"]
[White "Straka, Jozef"]
[Black "Nagy, Tomas"]
[Result "1-0"]
[WhiteElo "2279"]
[BlackElo "2219"]
[PlyCount "75"]
[EventDate "2017.10.21"]
[EventType "team-tourn"]
[EventRounds "11"]
[EventCountry "SVK"]
[SourceTitle "CBM 181 Extra"]
[Source "ChessBase"]
[SourceDate "2017.12.12"]
[SourceVersion "1"]
[SourceVersionDate "2017.12.12"]
[SourceQuality "1"]
[WhiteTeam "Devinska Nova Ves"]
[BlackTeam "Trnava Sered"]
[WhiteTeamCountry "SVK"]
[BlackTeamCountry "SVK"]

1. Nf3 d5 2. d4 Nf6 3. Bf4 c5 4. e3 e6 5. Nbd2 Nc6 6. c3 Bd6 7. Bg3 0-0 8. Bd3 b6 9. Qe2 cxd4 10. exd4 a5 11. 0-0 Bxg3 12. hxg3 Ng4 13. Rfe1 f5 14. Nf1 Qf6 15. Bb5 Ne7 16. Ne3 Nxe3 17. Qxe3 Ng6 18. c4 f4 19. Qe2 fxg3 20. fxg3 Ra7 21. Rac1 Qd8 22. c5 bxc5 23. Rxc5 Rc7 24. Rec1 Rxc5 25. Rxc5 Bd7 26. Bd3 Qf6 27. Rxa5 Be8 28. Ra6 Bf7 29. a4 Rc8 30. a5 Nf8 31. Qe5 Rc1+ 32. Kf2 Qh6 33. Qf4 Qh1 34. Ra7 Bg6 35. Ra8 Bf5 36. Qd6 h6 37. Qxf8+ Kh7 38. Bxf5+ 1-0

[Event "SVK-chT2B 1617"]
[Site "Slovakia"]
[Date "2017.01.21"]
[Round "7.1"]
[White "Nagy, Tomas"]
[Black "Skreno, Vladimir"]
[Result "1/2-1/2"]
[WhiteElo "2242"]
[BlackElo "2209"]
[PlyCount "109"]
[EventDate "2016.10.08"]
[EventType "team-tourn"]
[EventRounds "11"]
[EventCountry "SVK"]
[SourceTitle "EXT 2018"]
[Source "ChessBase"]
[SourceDate "2017.10.13"]
[SourceVersion "1"]
[SourceVersionDate "2017.10.13"]
[SourceQuality "1"]
[WhiteTeam "Sala Slovan Duslo"]
[BlackTeam "Tlmace"]
[WhiteTeamCountry "SVK"]
[BlackTeamCountry "SVK"]

1. Nf3 Nf6 2. b3 d5 3. Bb2 e6 4. e3 Be7 5. Be2 Nbd7 6. 0-0 0-0 7. c4 c6 8. Qc2 Ne8 9. Re1 f5 10. d4 Bb4 11. Nbd2 Ndf6 12. a3 Bd6 13. Ne5 Ne4 14. Nf1 N8f6 15. f3 Ng5 16. c5 Bc7 17. b4 Nd7 18. Bc3 Nf7 19. Qb2 Qg5 20. g3 Qh6 21. Kg2 g5 22. h3 Qg7 23. f4 Nf6 24. Bd3 Ne4 25. Re2 h5 26. Kh1 Kh7 27. Rg2 Nxe5 28. dxe5 Bd7 29. Bxe4 fxe4 30. h4 gxh4 31. gxh4 Qh6 32. Nh2 Rg8 33. Rag1 Raf8 34. a4 Bd8 35. Be1 Rxg2 36. Qxg2 Be8 37. Qh3 Be7 38. Nf1 Rg8 39. Rxg8 Kxg8 40. Nd2 Kf7 41. Nb3 Qg6 42. Nd4 Bd7 43. a5 a6 44. Kh2 Bd8 45. Qg3 Qxg3+ 46. Kxg3 Bc7 47. Bf2 Kg6 48. Kg2 Bd8 49. Bg3 Be8 50. Kh3 Be7 51. Bh2 Bd8 52. f5+ exf5 53. Bf4 Be7 54. Kg3 Bd8 55. Kh3 1/2-1/2

[Event "SVK-chT2B 1516"]
[Site "Slovakia"]
[Date "2016.03.13"]
[Round "11.4"]
[White "Nagy, Tomas"]
[Black "Gazik, Viktor"]
[Result "1-0"]
[WhiteElo "2232"]
[BlackElo "2442"]
[PlyCount "85"]
[EventDate "2015.10.17"]
[EventType "team-tourn"]
[EventRounds "11"]
[EventCountry "SVK"]
[SourceTitle "EXT 2019"]
[Source "ChessBase"]
[SourceDate "2018.10.10"]
[SourceVersion "1"]
[SourceVersionDate "2018.10.10"]
[SourceQuality "1"]
[WhiteTeam "Sala Slovan Duslo"]
[BlackTeam "Bojnice SK PRM"]
[WhiteTeamCountry "SVK"]
[BlackTeamCountry "SVK"]

1. Nf3 g6 2. d4 Bg7 3. c3 f5 4. g3 Nf6 5. Bg2 0-0 6. 0-0 Kh8 7. Nbd2 Nc6 8. Nb3 d6 9. d5 Ne5 10. Nbd4 h6 11. Nh4 Kh7 12. Qc2 Qe8 13. f4 Nc4 14. e4 fxe4 15. Bxe4 Nxe4 16. Qxe4 Bf6 17. f5 g5 18. Ne6 gxh4 19. Nxf8+ Qxf8 20. Qxc4 Bd7 21. Qe4 c6 22. c4 hxg3 23. hxg3 cxd5 24. cxd5 Qg7 25. Rf3 Bb5 26. Bd2 Kh8 27. Kg2 Rc8 28. Rh1 Rc4 29. Qe3 Kg8 30. Rxh6 Rg4 31. Bc3 Kf8 32. Bxf6 exf6 33. Rg6 Rxg6 34. fxg6 Qxg6 35. Qe6 Kg7 36. Qe7+ Qf7 37. Qxf7+ Kxf7 38. Rc3 Kg6 39. Rc7 b6 40. Rc6 Kf5 41. Rxd6 Ke5 42. Re6+ Kxd5 43. Rxf6 1-0

[Event "SVK-chT2B 1516"]
[Site "Slovakia"]
[Date "2015.11.07"]
[Round "3.1"]
[White "Balogh, Tomas"]
[Black "Nagy, Tomas"]
[Result "1/2-1/2"]
[WhiteElo "2342"]
[BlackElo "2246"]
[PlyCount "66"]
[EventDate "2015.10.17"]
[EventType "team-tourn"]
[EventRounds "11"]
[EventCountry "SVK"]
[SourceTitle "EXT 2019"]
[Source "ChessBase"]
[SourceDate "2018.10.10"]
[SourceVersion "1"]
[SourceVersionDate "2018.10.10"]
[SourceQuality "1"]
[WhiteTeam "Podhajska Termal"]
[BlackTeam "Sala Slovan Duslo"]
[WhiteTeamCountry "SVK"]
[BlackTeamCountry "SVK"]

1. c4 c5 2. Nc3 Nf6 3. e4 d6 4. g3 Nc6 5. Bg2 g6 6. Nge2 Bg7 7. 0-0 0-0 8. a3 Ne8 9. Rb1 a5 10. d3 Nc7 11. Be3 Rb8 12. a4 Ne6 13. f4 Ned4 14. h3 f5 15. Kh2 h6 16. Nb5 Kh7 17. b3 Bd7 18. Nexd4 Nxd4 19. Nxd4 cxd4 20. Bd2 Bc6 21. Qe1 Ra8 22. Qe2 e6 23. b4 axb4 24. Bxb4 Rf7 25. a5 Ra6 26. e5 Bxg2 27. Kxg2 dxe5 28. fxe5 Qc7 29. Bd6 Qc6+ 30. Qf3 Rxa5 31. c5 Qxf3+ 32. Kxf3 g5 33. Rb4 g4+ 1/2-1/2

[Event "SVK-chT2B 1516"]
[Site "Slovakia"]
[Date "2015.10.17"]
[Round "1.2"]
[White "Nagy, Tomas"]
[Black "Srvatka, Igor"]
[Result "1/2-1/2"]
[WhiteElo "2260"]
[BlackElo "2182"]
[PlyCount "102"]
[EventDate "2015.10.17"]
[EventType "team-tourn"]
[EventRounds "11"]
[EventCountry "SVK"]
[SourceTitle "EXT 2019"]
[Source "ChessBase"]
[SourceDate "2018.10.10"]
[SourceVersion "1"]
[SourceVersionDate "2018.10.10"]
[SourceQuality "1"]
[WhiteTeam "Sala Slovan Duslo"]
[BlackTeam "Trencin PK"]
[WhiteTeamCountry "SVK"]
[BlackTeamCountry "SVK"]

1. Nf3 d5 2. d4 c5 3. c4 cxd4 4. cxd5 Nf6 5. Qa4+ Qd7 6. Qxd4 Qxd5 7. Nc3 Qxd4 8. Nxd4 a6 9. g3 g6 10. Bg2 Bg7 11. 0-0 0-0 12. Rd1 Nbd7 13. Nb3 Ra7 14. Na5 Re8 15. Be3 b6 16. Nc4 Bb7 17. Nxb6 Bxg2 18. Nxd7 Rxd7 19. Kxg2 Rb7 20. Rab1 Ng4 21. Bd4 Rc8 22. Bxg7 Kxg7 23. Rdc1 Rbc7 24. a3 a5 25. Rd1 Rb7 26. h3 Ne5 27. Rd5 Nc4 28. Rb5 Rxb5 29. Nxb5 Nd2 30. Rd1 Rc2 31. b4 axb4 32. axb4 Rb2 33. Nc3 e6 34. b5 Kf8 35. Na4 Rb4 36. Rxd2 Rxa4 37. Rb2 Ra7 38. Kf3 Ke7 39. h4 h5 40. b6 Rb7 41. Kf4 f6 42. g4 hxg4 43. Kxg4 Kf7 44. e4 e5 45. f4 exf4 46. Kxf4 Ke6 47. Rb1 Kd6 48. Kg4 Ke5 49. Rb4 Ke6 50. h5 gxh5+ 51. Kxh5 f5 1/2-1/2

[Event "SVK-chT2B 1314"]
[Site "Slovakia"]
[Date "2014.01.12"]
[Round "6.2"]
[White "Nagy, Tomas"]
[Black "Hudoba, Ondrej"]
[Result "1/2-1/2"]
[WhiteElo "2217"]
[BlackElo "2155"]
[PlyCount "92"]
[EventDate "2013.10.19"]
[EventType "team-tourn"]
[EventRounds "11"]
[EventCountry "SVK"]
[SourceTitle "EXT 2015"]
[Source "ChessBase"]
[SourceDate "2014.11.20"]
[SourceVersion "1"]
[SourceVersionDate "2014.11.20"]
[SourceQuality "1"]
[WhiteTeam "Sala"]
[BlackTeam "Tlmace"]
[WhiteTeamCountry "SVK"]
[BlackTeamCountry "SVK"]

1. Nf3 d5 2. d4 Nf6 3. c4 e6 4. Nc3 c6 5. cxd5 exd5 6. Qc2 g6 7. Bg5 Bg7 8. e3 Bf5 9. Qb3 Qb6 10. Nd2 Nbd7 11. Be2 0-0 12. 0-0 Rfe8 13. Rac1 h6 14. Bf4 Re6 15. h3 g5 16. Bg3 Bg6 17. Rfe1 Rae8 18. Qxb6 axb6 19. Bc7 Rc8 20. Bh2 Ra8 21. a4 Bf8 22. Bd1 Bb4 23. Nf3 Ne4 24. Ne5 Nxe5 25. Bxe5 Nd2 26. Bc7 Nc4 27. b3 Ba3 28. bxc4 Bxc1 29. Bg4 f5 30. Rxc1 fxg4 31. cxd5 cxd5 32. Nxd5 Rc8 33. f3 gxf3 34. gxf3 Be8 35. e4 Bxa4 36. Ra1 Bb3 37. Be5 Bxd5 38. exd5 Re7 39. Rb1 Rf7 40. Kg2 Rc2+ 41. Kg3 Rc3 42. Rxb6 Rcxf3+ 43. Kg4 Kh7 44. Re6 Re3 45. d6 Re4+ 46. Kg3 Re3+ 1/2-1/2

[Event "SVK-chT2B 1314"]
[Site "Slovakia"]
[Date "2013.10.19"]
[Round "1.2"]
[White "Jostic, Peter"]
[Black "Nagy, Tomas"]
[Result "0-1"]
[WhiteElo "2062"]
[BlackElo "2217"]
[PlyCount "102"]
[EventDate "2013.10.19"]
[EventType "team-tourn"]
[EventRounds "11"]
[EventCountry "SVK"]
[SourceTitle "EXT 2015"]
[Source "ChessBase"]
[SourceDate "2014.11.20"]
[SourceVersion "1"]
[SourceVersionDate "2014.11.20"]
[SourceQuality "1"]
[WhiteTeam "Trencin II"]
[BlackTeam "Sala"]
[WhiteTeamCountry "SVK"]
[BlackTeamCountry "SVK"]

1. d4 Nf6 2. c4 e6 3. Nc3 Bb4 4. Qc2 c5 5. e3 b6 6. Nf3 Bb7 7. Bd3 0-0 8. Bd2 d5 9. cxd5 exd5 10. a3 Bxc3 11. Bxc3 c4 12. Bf5 Nc6 13. Ne5 Ne7 14. f3 g6 15. Bh3 a5 16. 0-0 Bc8 17. Bxc8 Qxc8 18. e4 Qb7 19. Rae1 b5 20. Bd2 Ra6 21. Bg5 Re6 22. Kh1 Nd7 23. Nxd7 Qxd7 24. e5 Nf5 25. Qd2 Qa7 26. Rd1 Rb8 27. g4 Ng7 28. f4 b4 29. f5 Reb6 30. Bf6 bxa3 31. Qh6 Ne8 32. bxa3 Nxf6 33. fxg6 fxg6 34. exf6 Qf7 35. Qf4 Rf8 36. g5 Qe8 37. Qe5 Qd7 38. Rde1 Rb7 39. Qg3 Qf7 40. Re5 Re8 41. Rxe8+ Qxe8 42. Re1 Qb8 43. f7+ Kxf7 44. Qf3+ Kg7 45. Qxd5 c3 46. Qe4 Rf7 47. Rc1 Rf2 48. Qe7+ Kh8 49. Qe5+ Qxe5 50. dxe5 c2 51. e6 Kg8 0-1

[Event "SVK-chT2B 1213"]
[Site "Slovakia"]
[Date "2012.12.02"]
[Round "4"]
[White "Dobrotka, Martin"]
[Black "Nagy, Tomas"]
[Result "0-1"]
[WhiteElo "2235"]
[BlackElo "2221"]
[PlyCount "75"]
[EventDate "2012.10.13"]
[EventType "team-tourn"]
[EventRounds "11"]
[EventCountry "SVK"]
[SourceTitle "EXT 2015"]
[Source "ChessBase"]
[SourceDate "2014.11.20"]
[SourceVersion "1"]
[SourceVersionDate "2014.11.20"]
[SourceQuality "1"]
[WhiteTeam "Topolcianky"]
[BlackTeam "Sala"]
[WhiteTeamCountry "SVK"]
[BlackTeamCountry "SVK"]

1. d4 d5 2. c4 e6 3. Nc3 Nf6 4. Nf3 Be7 5. Bg5 h6 6. Bxf6 Bxf6 7. e3 0-0 8. Rc1 Nc6 9. cxd5 exd5 10. Bd3 Ne7 11. b4 Be6 12. 0-0 Qb8 13. Qc2 c6 14. Nd2 g6 15. Ne2 a5 16. bxa5 Rxa5 17. Nb3 Ra3 18. Nc5 Bc8 19. Qd2 Qa7 20. Bb1 b6 21. Nd3 Ba6 22. Rc3 Bc4 23. Rxa3 Qxa3 24. Rd1 Ra8 25. Ndc1 Kg7 26. Qc2 Ra4 27. Nf4 Ra5 28. g3 c5 29. h4 cxd4 30. exd4 Rb5 31. Nb3 Bxb3 32. axb3 Rxb3 33. h5 Rb2 34. Qc1 Qf3 35. Nd3 Re2 36. Qf4 Qxh5 37. Qd6 Re6 38. Qd7 0-1